000 00332nam a22001457a 4500
008 221025b ||||| |||| 00| 0 eng d
020 _a9781591950929
041 _aeng
080 _211TH EDITION
_a616
082 _a616
100 _a14.2
101 _aPEDI
245 _aPEDIATRIC DOSAGE HANDBOOK
_cTAKETOMO C
942 _2udc
_cBK
999 _c58670
_d58670